00934cam a2200253Ma 450000500170000000800410001701000170005802000150007502000180009004000680010804100080017624501510018426000610033530000180039649000210041450400410043565000330047665000170050965000340052665000250056070000360058570000310062170000280065220140903175108.01406 s2013 be frb 000 0 fre d z 2013445916 a2296538908 a9782296538900 aCO-BoUCMbspacJose A. GerenadAldemar Mondragón (modificó)0 afre00aViolence politique et traumatismebprocessus d'élaboration et de créationcdirección de Jean-Luc Brackelaire, Marcela Cornejo, Jean Kinable aLouvain-la-Neuve (Bélgica)bAcademia-L'Harmattanc2013 a508 páginas0 aIntellectionv21 aIncluye referencias bibliográficas 7aGenocidioxAspectos sociales 7aSociología 7aTerrorismoxAspectos sociales 7aViolencia política1 aBrackelaire, Jean-Lucedirector1 aCornejo, Marcelaedirector1 aKinable, Jeanedirector